Top 10 Countries by GDP 1900-2020 - Statistics

General Stats
  • This quiz has been taken 175 times
  • The average score is 119 of 130
Answer Stats
Hint Answer % Correct
1.07T | 14.2T | 16.0B | +3 others China
98%
1.03T | 1.49T | 13.0B | +10 others France
98%
11.5B | 8.3B German Empire
98%
2.21T | 3.51T | 3.88T Germany
98%
51.9B Nazi Germany
98%
4.7B | 8.1B Qing Dynasty
98%
8.1B | 8.9B | 9.6B Republic of China
98%
3.7B Russian SFSR
98%
1.67T | 11.4B | 113B | +10 others United Kingdom
98%
14.5T | 18.6B | 2.54T | +10 others United States
98%
14.2B | 19.1B Weimar Republic
98%
6.6B | 6.9B | 8.3B Empire of Japan
97%
1.04T | 14.7B | 164B | +5 others Japan
97%
5.7B | 8.7B Russian Empire
96%
1.68T | 1.86T | 217B | +2 others Brazil
94%
1.5B | 2.2B | 4.8B | 7.1B Kingdom of Spain
94%
1.54T | 197B | 402B | 630B Spain
94%
1.43T | 1.73T | 17.7B | +9 others Canada
93%
1.26T | 14.7B | 2.03T | +5 others Italy
93%
2.3B | 3.5B | 4.8B | +2 others Kingdom of Italy
93%
2.83T | 21.3B | 33.8B | 56.7B India
92%
192B | 25.7B | 353B | +4 others Soviet Union
76%
2.3B | 3.3B Austria-Hungary
72%
4.6B Argentina
65%
1.1B Belgium
51%
1.40T | 147B | 33.3B | +2 others West Germany
39%
No matching quizzes found
Score Distribution
Percent of People with Each Score
Percentile by Number Answered
Your Score History
You have not taken this quiz